| 000 | 00861nam a2200217 a 4500 | ||
|---|---|---|---|
| 001 | 84580 | ||
| 003 | BD-RjUL | ||
| 005 | 20250107144217.0 | ||
| 008 | 250107s1976 bg ||||| |||| 00| 0 ben d | ||
| 035 | _a(BD-RjUL)84580 | ||
| 040 |
_aBD-RjUL _beng _cBD-RjUL |
||
| 041 | _aben | ||
| 082 |
_a342.54029 _bHAB 1976 |
||
| 100 |
_aহক, মোজাম্মেল _914764 |
||
| 245 |
_aব্রিটিশ-ভারতের শাসনতান্ত্রিক ইতিহাস (১৮৫৭-১৯৪৭) / _cমোজাম্মেল হক |
||
| 260 |
_aঢাকা : _bবুক হাউস, _c১৯৭৬ |
||
| 300 |
_a৫৯৮ পৃ.; _c২১ সেমি. |
||
| 650 |
_aসাংবিধানিক ইতিহাস _zবৃটিশ ভারত _914765 |
||
| 650 |
_aConstitutional history _zBritish India _914766 |
||
| 942 |
_2ddc _cBK |
||
| 999 |
_c84580 _d84580 |
||